| 000 | 01382 a2200397 4500 | ||
|---|---|---|---|
| 264 |
_aAnkara: _bTOBB ETÜ Fen Bilimleri Enstitüsü, _c2013. |
||
| 999 |
_c200128764 _d29049 |
||
| 001 | 200128764 | ||
| 003 | TR-AnTOB | ||
| 005 | 20260210134040.0 | ||
| 008 | 130405s2013 tu 000 0 | ||
| 040 |
_aTR-AnTOB _cTR-AnTOB |
||
| 041 | 0 | _atur | |
| 099 | _aTEZ TOBB FBE MAK YL'13 BAB | ||
| 100 | 1 |
_aBabacan, Nazım _987301 |
|
| 245 | 1 | 0 |
_aMartensitik faz dönüşümlerinin sonlu elemanlar yönetimim ile modellemesi / _cNazım Bababcan. |
| 300 |
_axvi, 76 p.; _c29 cm. |
||
| 336 |
_2rdacontent _atext _btxt |
||
| 337 |
_2rdamedia _aunmediated _bn |
||
| 338 |
_2rdacarrier _avolume _bnc |
||
| 502 | _aTez (Y. Lisans)--TOBB ETÜ Fen Bilimleri Enst. Şubat 2013 | ||
| 504 | _aIncludes bibliographical references | ||
| 650 | 0 | 0 |
_932546 _aTezler, Akademik |
| 650 | 0 | 0 |
_aDissertations, Academic _932543 |
| 653 | _aMartensitik faz dönüşümleri. | ||
| 653 | _aSonlu elemanlar yöntemi. | ||
| 653 | _aŞekil hafızalı alaşımlar. | ||
| 653 | _aÇok kristalli malzemeler. | ||
| 653 | _aMartensitic phase transformations. | ||
| 653 | _aFinite element method. | ||
| 653 | _aShape memory alloys. | ||
| 653 | _aPolycrystal materials. | ||
| 710 |
_aTOBB Ekonomi ve Teknoloji Üniversitesi. _bFen Bilimleri Enstitüsü _977078 |
||
| 856 | _ahttp://tez2.yok.gov.tr/ | ||
| 942 |
_cTEZ _2z |
||